00647cam a22001937a 4500003000500000005001700005008004100022010001000063011001000073035001000083040000900093100002900102245008200131260004200213300002000255502011200275650004100387650002500428CHAP20220329135447.0971013s1986 r 00010 d a36868 a37840 a41960 cCHAP00aOrtiz Ortiz, Johnny Roy.13aLa alimentación de la ganadería familiarb: El caso de Moxolahuac, Puebla aMontecillo, Méx. :bEl autor,c1986 a156 h.b: ilus. aTesis (M. C. Esp. en Desarrollo Rural) -- Colegio de Postgraduados. Centro de Estudios del Desarrollo Rural14aAlimentos y alimentacion del ganado.14aGanaderíaxPuebla.